000 00353nam a2200133Ia 4500
008 240624s9999 xx 000 0 und d
041 _aeng
082 _a300.72 POR
100 _aPORTA DONATELLA
245 _aAPPROACHES AND METHODOLOGIES IN THE SOCI
260 _c2013
_aNew Delhi
_bCambridge University Press
300 _a384 : p.
365 _cGBP
_b28
999 _c22231
_d22231